"S" Cities in the United States - Statistics

General Stats
  • This quiz has been taken 62 times
  • The average score is 25 of 43
Answer Stats
State Population Answer % Correct
California 873,965 San Francisco
100%
Texas 1,434,625 San Antonio
98%
California 1,386,932 San Diego
98%
California 524,943 Sacramento
97%
California 1,013,240 San Jose
95%
Washington 737,015 Seattle
95%
Minnesota 311,527 St. Paul
93%
Utah 199,723 Salt Lake City
91%
Missouri 301,578 St. Louis
90%
Oregon 175,535 Salem
86%
Washington 228,989 Spokane
81%
Georgia 147,780 Savannah
78%
South Dakota 192,517 Sioux Falls
78%
New York 148,620 Syracuse
74%
Louisiana 187,593 Shreveport
72%
California 320,804 Stockton
72%
Missouri 169,176 Springfield
71%
Massachusetts 155,929 Springfield
71%
Illinois 114,394 Springfield
71%
Florida 258,308 St. Petersburg
71%
Arizona 241,361 Scottsdale
69%
California 310,227 Santa Ana
67%
California 222,101 San Bernardino
66%
Indiana 103,453 South Bend
60%
California 228,673 Santa Clarita
52%
California 127,647 Santa Clara
48%
Connecticut 135,470 Stamford
45%
California 178,127 Santa Rosa
38%
Nevada 108,445 Sparks
38%
Michigan 134,346 Sterling Heights
38%
Arizona 143,148 Surprise
38%
California 163,542 Salinas
33%
California 109,707 Santa Maria
33%
Georgia 108,080 Sandy Springs
29%
California 105,661 San Mateo
29%
Washington 102,976 Spokane Valley
29%
Texas 111,026 Sugar Land
28%
California 155,805 Sunnyvale
28%
California 126,356 Simi Valley
22%
Nevada 215,597 Spring Valley
14%
Georgia 107,436 South Fulton
12%
Nevada 205,618 Sunrise Manor
12%
Florida 113,568 Spring Hill
9%
No matching quizzes found
Score Distribution
Percent of People with Each Score
Percentile by Number Answered
Your Score History
You have not taken this quiz